Clothing Articles/Accessories (A-Z) Quiz Stats

 Plays Quiz not verified by Sporcle

Score 0/25 Timer 10:00
0 Plays Today
% Correct
Dress
95.6%
Glasses
95.6%
Heels
95.6%
Jeans
95.6%
Necklace
95.6%
Kimono
93.3%
Tuxedo
93.3%
Wedding Dress
93.3%
Apron
91.1%
Earrings
91.1%
Uniform
91.1%
Coat
88.9%
Flip Flops
88.9%
% Correct
Vest
86.7%
Blazer
84.4%
Overalls
84.4%
Skirt
82.2%
Mittens
77.8%
Yoga Pants
71.1%
Indian Headdress
64.4%
Leg Warmers
62.2%
Pyjamas
57.8%
Romper
40%
Quinceanera Dress
15.6%
Zucchetto
4.4%

You're not logged in!

Compare scores with friends on all Sporcle quizzes.
Join for Free
OR
Log In

You Might Also Like...

Show Comments

Extras

Created Nov 23, 2016ReportNominate
Tags:A-Z, accessory, article, clothing

Top Quizzes Today


Score Distribution

Your Account Isn't Verified!

In order to create a playlist on Sporcle, you need to verify the email address you used during registration. Go to your Sporcle Settings to finish the process.

Report this User

Report this user for behavior that violates our Community Guidelines.

Details: